000 00264nam a22000977a 4500
999 _c11678
_d11678
008 191128b ||||| |||| 00| 0 eng d
020 _a9781546026280
100 _aMeyer Joyce
_97366
245 _aYour Battles belong to the Lord
260 _aNew York
_bFaith Words
_c2019